LEADER 01686nam a2200301 u 4500 001 000000012050 003 CaOOAMICUS 005 20070226105507.0 008 941010s1947 it u000 u ita u 035 $a10292970 040 $aPUL(R)$bita 100 1 $aDel Giudice, Vincenzo Maria,$d1884-1970.$0(OLS)http://pul/name/2 245 13$aLa questione romana e i rapporti tra Stato e Chiesa fino alla Conciliazione :$bcon considerazioni sui Patti lateranensi e sull'art. 7 della Costituzione repubblicana /$cVincenzo del Giudice. 260 $aRoma :$bEdizioni dell'Ateneo,$c1947. 300 $a302 p. ;$c23 cm 490 1 $aCollana di opere giuridiche ;$v3 610 20$aCatholic Church.$tTreaties, etc.$gItaly,$81929 Feb. 11.$2//eng$0(OLS)http://pul/subject/958 650 0$aChurch and state$zItaly$xHistory.$2//eng$0(OLS)http://pul/subject/9060 651 0$aItaly$xPolitics and government.$2//eng$0(OLS)http://pul/subject/9061 830 0$aCollana di opere giuridiche ;$v3.$0(OLS)http://pul/title/17465 850 $aPUL 852 $aPUL$W1$xSL Diritto Canonico 1$y5$m149 E 41$j16982$nBK-PRI$b $qStampati$B16982$CPULBib$Z2$F16982 $H $81 852 $aPUL$W1$xDP1 Fondo Ciprotti$y59$m1544 B 44$j16983$nBK-PRI$b $qFondi$B16983$CPULBib$Z2$F16983 $H $81 941 1 $a8 941 1 $a1 961 $aINV: F. Ciprotti 996 $6245$aLa questione romana e i rapporti tra Stato e Chiesa fino alla Conciliazione :$bcon considerazioni sui Patti lateranensi e sull'art. 7 della Costituzione repubblicana$9(OLS)http://pul/title/17464 996 $6260$aRoma :$bEdizioni dell'Ateneo$9(OLS)http://pul/publisher/48364 LEADER 01390nam a2200301 u 4500 001 000000122764 003 CaOOAMICUS 005 20100826141714.0 008 100826t2010 it u000 u ita r 020 $a978-88-13-30245-0 040 $aPUL$bita$dReb 082 04$a305.6 100 1 $aPin, Andrea.$0(OLS)http://pul/name/77131 245 10$aLaicitą e Islam nell'ordinamento italiano :$buna questione di metodo /$cAndrea Pin. 260 $aPadova :$bCEDAM,$c©2010. 300 $axi, 305 p. ;$c24 cm. 490 1 $aPubblicazioni della Facoltą di giurisprudenza dell'Universitą di Padova ;$v175 504 $aBibliografia : p. [275]-305. 650 4$aLaicismo.$0(OLS)http://pul/subject/33839 650 4$aIslam$zItalia.$0(OLS)http://pul/subject/34411 830 0$aPubblicazioni della Facoltą di giurisprudenza dell'Universitą di Padova ;$v175.$0(OLS)http://pul/title/14626 850 $aPUL 852 $aPUL$W1$xSL Diritto e Scienze Sociali 3$y79$m305. 6 PINAN 1$j140998$qDDC 21$B140078$CPULBib$Z2$F140078 $H114510 $82 941 1 $a9 996 $6020$a978-88-13-30245-0$9(OLS)http://pul/number/145185 996 $6082$a305.6$9(OLS)http://pul/classification/687 996 $6245$aLaicitą e Islam nell'ordinamento italiano :$buna questione di metodo$9(OLS)http://pul/title/154745 996 $6260$aPadova :$bCEDAM$9(OLS)http://pul/publisher/48126